Denis' Travels (Map) - Statistics

General Stats
  • This quiz has been taken 6 times
  • The average score is 5 of 9
Answers on the Map
Answers color-coded by a green-red scale on the quiz's map according to % correct below.
 
Answer Stats
City % Correct
Mexico City
100%
Paris
100%
Tokyo
100%
Bogota
83%
Istanbul
83%
Alameda
17%
Ensenada
17%
Naberezhnye Chelny
17%
Rosarito
17%
No matching quizzes found
Score Distribution
Percent of People with Each Score
Percentile by Number Answered
Your Score History
You have not taken this quiz